Slovník výpočetní techniky francouzsko-český a česko-francouzský
Salvato in:
| Autori principali: | , |
|---|---|
| Natura: | Libro |
| Lingua: | ceco francese |
| Pubblicazione: |
Praha :
Videopress NVTs,
1980
|
| Edizione: | 1.vyd. |
| Tags: |
Nessun Tag, puoi essere il primo ad aggiungerne!!
|
MARC
| LEADER | 00000nam a22000003a 4500 | ||
|---|---|---|---|
| 001 | stu183460 | ||
| 005 | 20150617225601.1 | ||
| 008 | 090424s1980----cs------------------cze-d | ||
| 040 | |a STU |b slo | ||
| 041 | 0 | |a cze |a fre | |
| 044 | |a cs | ||
| 080 | |a 681.3(038)=850=40 | ||
| 100 | 1 | |a Janoš, Karel |4 aut | |
| 245 | 1 | |a Slovník výpočetní techniky francouzsko-český a česko-francouzský | |
| 250 | |a 1.vyd. | ||
| 260 | |a Praha : |b Videopress NVTs, |c 1980 | ||
| 300 | |a 351 s | ||
| 700 | 1 | |a Laitl, Jan |4 aut | |
| 996 | |b 284V029006 |c V*19667/E-1090 |l VVT |s A |a 24 |w stu183460_0001 | ||